| 000 -CABECERA |
| fixed length control field |
00835nam a22002417a 4500 |
| 003 - IDENTIFICADOR DEL NÚMERO DE CONTROL |
| control field |
AR-CdUCM |
| 008 - DATOS DE LONGITUD FIJA--INFORMACIÓN GENERAL |
| fixed length control field |
190329b ||||| |||| 00| 0 spa d |
| 040 ## - FUENTE DE LA CATALOGACIÓN |
| Agencia/entidad que catalogó originalmente la obra |
MUNICIPALIDAD PROVINCIAL DEL CUSCO |
| Entidad que transcribió la catalogación |
BIBLIOTECA MUNICIPAL DEL CUSCO |
| 082 ## - NÚMERO DE LA CLASIFICACIÓN DECIMAL DEWEY |
| No. de Clasificación |
621 / |
| Notacion interna |
SH47 |
| 100 ## - ENTRADA PRINCIPAL--NOMBRE DE PERSONA |
| Nombre Personal |
Shepherd, Walter |
| 245 ## - MENCIÓN DE TÍTULO |
| Título |
La Electricidad : |
| Resto del título |
Ilustrado por Bernard Blatch y Laszlo ACS |
| 260 ## - PUBLICACIÓN, DISTRIBUCIÓN, ETC. |
| Lugar de publicación, distribución, etc. |
Valencia : |
| Nombre de la editorial, distribuidor, etc. |
Ediciones Anaya, |
| Fecha de publicación, distribución, etc. |
1970. |
| 300 ## - DESCRIPCIÓN FÍSICA |
| Nº de Páginas Extensión |
48 paginas ; |
| Dimensiones |
22 cm. |
| 440 ## - MENCIÓN DE SERIE/PUNTO DE ACCESO ADICIONAL--TÍTULO |
| Título |
La ciencia al descubierto |
| Número de la parte/sección de una obra |
5 |
| 9 (RLIN) |
27093 |
| 505 ## - NOTA DE CONTENIDO CON FORMATO |
| Nota de contenido formateada |
Contenido: electricidad -- la produccion de la electricidad -- conductores o aislantes -- baterias -- resistencia... |
| 650 ## - PUNTO DE ACCESO ADICIONAL DE MATERIA--TÉRMINO DE MATERIA |
| Descriptor |
Electricidad |
| 9 (RLIN) |
15840 |
| 650 ## - PUNTO DE ACCESO ADICIONAL DE MATERIA--TÉRMINO DE MATERIA |
| Descriptor |
Bateria |
| 9 (RLIN) |
27094 |
| 650 ## - PUNTO DE ACCESO ADICIONAL DE MATERIA--TÉRMINO DE MATERIA |
| Descriptor |
Conductores |
| 9 (RLIN) |
22046 |
| 650 ## - PUNTO DE ACCESO ADICIONAL DE MATERIA--TÉRMINO DE MATERIA |
| Descriptor |
Aislantes |
| 9 (RLIN) |
27095 |
| 942 ## - ELEMENTOS DE PUNTO DE ACCESO ADICIONAL (KOHA) |
| Fuente de clasificación |
|
| Tipo de item |
Libros-BMC |
| 945 ## - PROCESAMIENTO DE INFORMACIÓN LOCAL (OCLC) |
| Catalogador |
pjha |